US strategy and India interest, policy and media : (Record no. 169420)

MARC details
000 -LEADER
fixed length control field 00652nam a22001817a 4500
005 - DATE AND TIME OF LATEST TRANSACTION
control field 20191119152803.0
010 ## - LCCN (DPL NO)
LC control number ENG-126926
020 ## - INTERNATIONAL STANDARD BOOK NUMBER
Terms of availability 920.00
International Standard Book Number 9789389137262
035 ## - SYSTEM CONTROL NUMBER
System control number EN-110458
037 ## - SOURCE OF ACQUISITION
Source of stock number/acquisition DBAD/PUB
082 ## - DEWEY DECIMAL CLASSIFICATION NUMBER
Classification number 327.540
100 ## - MAIN ENTRY--PERSONAL NAME
Personal name Verma, Shanta Nedungadi
245 ## - TITLE STATEMENT
Title US strategy and India interest, policy and media :
Statement of responsibility, etc by Shanta Nedngadi Varma
Remainder of title a study with special reference to India's territorial conflicts /
260 ## - PUBLICATION, DISTRIBUTION, ETC. (IMPRINT)
Place of publication, distribution, etc New Delhi
Name of publisher, distributor, etc KW Publishers
Date of publication, distribution, etc 2020
270 ## - ADDRESS
Address 4676/21, First Floor, Ansari Road, Daryaganj,
Postal code 110002
City New Delhi
300 ## - PHYSICAL DESCRIPTION
Extent xxxi,428p.
Dimensions 23cm(Hb)
942 ## - ADDED ENTRY ELEMENTS (KOHA)
Source of classification or shelving scheme Dewey Decimal Classification
Item type English Books
Classification part 327.540
Call number suffix VAR
Holdings
Withdrawn status Lost status Not for loan Collection code Home library Current library Date acquired Source of acquisition Cost, normal purchase price Full call number Barcode Copy number Cost, replacement price Koha item type
      Non-fiction Sarojini Nagar Sarojini Nagar 19/11/2019 DBAD/PUB 920.00 327.540 VAR EN-110458 1 920.00 English Books

© Delhi Public Library
Hit Counter
free hit counter